Công cuộc hồi sinh của nước Cộng hòa nhân dân Campuachia (1981-1985)

Sự ra đời của nước cộng hòa nhân dân Campuachia. Sức mạnh hồi sinh. Ảnh hưởng, ý nghĩa và bài học lịch sử của cách mạng Campuchia

Na minha lista:
Detalhes bibliográficos
Autor principal: Đặng, Thị Hạnh
Outros Autores: Đặng, Thanh Toán P.T.S (Hướng dẫn)
Formato: Livro
Idioma:Vietnamese
Publicado em: Hà Nội Trường đại học Sư Phạm Hà Nội I 1985
Colecção:Khóa luận tốt nghiệp đại học. Chuyên ngành: Lịch Sử Thế giới hiện đại
Assuntos:
Tags: Adicionar Tag
Sem tags, seja o primeiro a adicionar uma tag!
Thư viện lưu trữ: Mạng thư viện Đại học Đà Nẵng
LEADER 01486nam a2200349 4500
001 000012699
003 9010
005 20120227160221.0
008 120227s1985 viesd
041 |a vie 
072 |a Khóa luận tốt nghiệp 
082 |a 909  |b ĐA-H 
100 |a Đặng, Thị Hạnh 
245 |a Công cuộc hồi sinh của nước Cộng hòa nhân dân Campuachia (1981-1985)  |c Đặng, Thị Hạnh 
260 |a Hà Nội  |b Trường đại học Sư Phạm Hà Nội I  |c 1985 
300 |a 74 tr.  |c 29 cm 
490 |a Khóa luận tốt nghiệp đại học. Chuyên ngành: Lịch Sử Thế giới hiện đại 
500 |a Tham khảo tr.73 
520 |a Sự ra đời của nước cộng hòa nhân dân Campuachia. Sức mạnh hồi sinh. Ảnh hưởng, ý nghĩa và bài học lịch sử của cách mạng Campuchia 
653 |a Khóa luận tốt nghiệp đại học 
653 |a Khoa Lịch Sử 
700 |a Đặng, Thanh Toán  |c P.T.S  |e Hướng dẫn 
OWN |a LSP 
AVA |a UDN50  |b LSP  |d 909 ĐA-H  |e available  |t Error 5001 Not defined in file expand_doc_bib_avail.  |f 1  |g 0  |h N  |i 0  |k 1 
999 |a From the UDN01 
AVA |a UDN50  |b LSP  |d 909 ĐA-H  |e available  |t Error 5001 Not defined in file expand_doc_bib_avail.  |f 1  |g 0  |h N  |i 0  |k 1 
TYP |a Monograph 
TYP |a Printed language 
980 |a Mạng thư viện Đại học Đà Nẵng